| Tag |
First Indicator |
Second Indicator |
Subfields |
| LEADER |
00000cam a2200000 4500 |
| 001 |
in00000015839 |
| 005 |
20151007052620.0 |
| 008 |
820831s1982 wlk 00010 eng d |
| 010 |
|
|
|a gb 82027475
|
| 015 |
|
|
|a GB82-27475
|
| 020 |
|
|
|a 0860941043 (pbk)
|
| 035 |
|
|
|a (OCoLC)16598266
|
| 035 |
|
|
|9 AAA8519AM
|
| 040 |
|
|
|a UKM
|c UKM
|d TXA
|d UtOrBLW
|
| 049 |
|
|
|a TXAM
|c [A10798050]
|
| 050 |
1 |
0 |
|a TJ163.2
|
| 050 |
|
4 |
|a TJ163.2
|b .B65 1982
|
| 082 |
0 |
|
|a 333.79
|2 19
|
| 100 |
1 |
|
|a Bondi, Hermann.
|
| 245 |
1 |
0 |
|a Global energy considerations /
|c Sir Hermann Bondi.
|
| 264 |
|
1 |
|a [Swansea] :
|b Centre for Development Studies, University College of Swansea,
|c 1982
|
| 264 |
|
4 |
|c ©1981
|
| 300 |
|
|
|a 7 pages ;
|c 22 cm.
|
| 336 |
|
|
|a text
|b txt
|2 rdacontent
|
| 337 |
|
|
|a unmediated
|b n
|2 rdamedia
|
| 338 |
|
|
|a volume
|b nc
|2 rdacarrier
|
| 490 |
1 |
|
|a Occasional paper / Centre for Development Studies, University College of Swansea,
|x 0144-9494 ;
|v no.14
|
| 500 |
|
|
|a "January 1982."
|
| 650 |
|
0 |
|a Power resources.
|
| 653 |
|
|
|a Energy resources
|
| 830 |
|
0 |
|a Occasional paper (University College of Swansea. Centre for Development Studies) ;
|v no.14.
|
| 999 |
|
|
|a MARS
|
| 999 |
f |
f |
|s c6d4ad94-498a-3e99-8f03-f180688ca9e4
|i 442be381-5af5-3d25-a244-6114ebd51086
|t 0
|
| 952 |
f |
f |
|p ric
|a Texas A&M University
|b Rellis Campus
|c Joint Library Facility
|d Remote Storage
|t 0
|e TJ163.2 .B65 1982
|h Library of Congress classification
|i unmediated -- volume
|m A14810798050
|
| 998 |
f |
f |
|a TJ163.2 .B65 1982
|t 0
|l Remote Storage
|